Trouve la ville Française #1 - Statistiques

Statistiques générales
  • Ce quiz a été pris 161 fois
  • Le résultat moyen est 10 sur 16
Statistiques - réponses
Par images Réponse % Correct
Paris
100%
Nice
98%
Marseille
96%
Bordeaux
93%
Lille
84%
Strasbourg
83%
Toulouse
79%
Lyon
73%
Versailles
66%
Montpellier
54%
Brest
46%
Angers
39%
Biarritz
35%
Le Havre
34%
Saint tropez
24%
Le cap ferret
8%
Aucun quiz correspondant
Distribution des résultats
% des personnes avec chaque résultat
Percentile par nombre de réponses
Votre historique - résultats
Vous n’avez pas pris ce quiz